| 000 | 02085cam a2200421 a 4500 | ||
|---|---|---|---|
| 999 |
_c331171 _d331171 |
||
| 001 | 16962326 | ||
| 003 | NUST | ||
| 005 | 20170920162547.0 | ||
| 008 | 110915m20119999ii 000 0aurd | ||
| 010 | _a 2011353196 | ||
| 020 | _a9788192371429 (v. 2) | ||
| 020 | _a9788192371474 (v. 3) | ||
| 025 | _aI-U-2011-353196; 21-90 | ||
| 037 | _bLibrary of Congress -- New Delhi Overseas Office | ||
| 040 |
_aDLC _cDLC _dDLC |
||
| 042 |
_alcode _apcc |
||
| 043 | _aa-ii--- | ||
| 050 | 0 | 0 |
_aDS485.K27 _bG553 2011 |
| 066 |
_c(3 _c(4 |
||
| 082 |
_a922 _bGIL |
||
| 100 | 1 |
_6880-01 _aGīlānī, Sayyid ʻAlī, _d1929- _94708 |
|
| 245 | 1 | 0 |
_6880-02 _aVullar kināre : _bāp bītī / _cSayyid ʻAlī Gilānī. |
| 260 |
_6880-03 _aSrīnagar : _bMarkazī Maktabah, Taḥrīk-i Ḥurriyat : _bMillat Pablīkeshanz, _c2015 |
||
| 300 |
_av. <1-3> ; _c22-25 cm. |
||
| 520 | _aAutobiography of Sayyid ʻAlī Gīlānī, b. 1929, politician from Kashmir with special reverences to his political activities. | ||
| 546 | _aIn Urdu. | ||
| 600 | 1 | 0 |
_6880-04 _aGīlānī, Sayyid ʻAlī, _d1929- _94708 |
| 650 | 0 |
_aPoliticians _zIndia _zJammu and Kashmir _vBiography. _94709 |
|
| 651 | 0 |
_aJammu and Kashmir (India) _xPolitics and government. _91759 |
|
| 651 | 0 |
_aJammu and Kashmir (India) _vBiography. _94710 |
|
| 880 | 1 |
_6100-01/(4/r _aگيلانى، سيّد على، _d1929- |
|
| 880 | 1 | 0 |
_6245-02/(3/r _aولّر کنارے : _bآپ بيتى / _cسيّد على گلانى. |
| 880 |
_6260-03/(3/r _aسرينگر : _bمرکزى مکتبه، تحريک حرّيت : _bملّت پبليکيشنز، _c2015 |
||
| 880 | 1 | 4 |
_6600-04/(4/r _aگيلانى، سيّد على، _d1929- |
| 906 |
_a7 _bcbc _corigode _d2 _encip _f20 _gy-nonroman |
||
| 942 |
_2ddc _cBK |
||